Library Banner

Renewable energy from the oceans : (Record no. 118261)

MARC details
000 -LEADER
fixed length control field 00505nam a22001457a 4500
005 - DATE AND TIME OF LATEST TRANSACTION
control field 20200819182856.0
008 - FIXED-LENGTH DATA ELEMENTS--GENERAL INFORMATION
fixed length control field 200819b ||||| |||| 00| 0 eng d
020 ## - INTERNATIONAL STANDARD BOOK NUMBER
International Standard Book Number 9781785617669
040 ## - CATALOGING SOURCE
Transcribing agency PK-LaUMT
082 ## - DEWEY DECIMAL CLASSIFICATION NUMBER
Classification number 621.042
Item number REN-
245 ## - TITLE STATEMENT
Title Renewable energy from the oceans :
Remainder of title from wave, tidal and gradient systems to offshore wind and solar /
Statement of responsibility, etc edited by Domenico Coiro and Tonio Sant
260 ## - PUBLICATION, DISTRIBUTION, ETC. (IMPRINT)
Place of publication, distribution, etc London :
Name of publisher, distributor, etc The Institution of Engineering and Technology,
Date of publication, distribution, etc 2019
300 ## - PHYSICAL DESCRIPTION
Extent 459 p.
942 ## - ADDED ENTRY ELEMENTS (KOHA)
Koha item type Books
Holdings
Withdrawn status Lost status Damaged status Home library Current library Date acquired Full call number Barcode Date last seen Price effective from Koha item type
      UMT Main Campus UMT Main Campus 2020-08-19 621.042 REN- 134487 2020-08-19 2020-08-19 Books